ERNST NEUFERT ARCHITECTS' DATA (Record no. 34373)

MARC details
000 -LEADER
fixed length control field 00293nam a22001337a 4500
003 - CONTROL NUMBER IDENTIFIER
control field SGT
020 ## - INTERNATIONAL STANDARD BOOK NUMBER
International Standard Book Number 0632023392
082 ## - DEWEY DECIMAL CLASSIFICATION NUMBER
Classification number 747
Item number JON
100 ## - MAIN ENTRY--PERSONAL NAME
Personal name JONES VINCENT
245 ## - TITLE STATEMENT
Title ERNST NEUFERT ARCHITECTS' DATA
260 ## - PUBLICATION, DISTRIBUTION, ETC. (IMPRINT)
Place of publication, distribution, etc LONDON
Name of publisher, distributor, etc BLACKWELL PUB
Year of Publication 1997
300 ## - PAGE DESCRIPTION
No. of Pages 433
942 ## - ADDED ENTRY ELEMENTS (KOHA)
Source of classification or shelving scheme Dewey Decimal Classification
Koha item type Books
Holdings
Withdrawn status Lost status Source of classification or shelving scheme Damaged status Not for loan Home library Current library Shelving location Date acquired Vendor Name Cost, normal purchase price SGTU Bill Number Total Checkouts Full call number Accession No. (Barcode) Date last seen Bill Date Koha item type
    Dewey Decimal Classification   Not For Loan SGT Science & Social Sciences Library SGT Science & Social Sciences Library Reference Book 17/03/2026 PANKAJ PUB DELHI 7347.41 SGTU 68   747 JON FF879 17/03/2026 26/02/2026 Books